Pendidikan Islam PMR

Bibliographic Details
Main Author: Rijaluddin Yahya
Format: Book
Published: Selangor : Pearson Sdn. Bhd , 2008
Series:Longman esensi
Subjects:

MARC

LEADER 00000cam a2200000 7i4500
001 0000022229
005 20080726.0
008 080725
020 |a 9673000715 
090 0 0 |a 297.0712   |b REL 
100 0 |a Rijaluddin Yahya 
245 1 0 |a Pendidikan Islam PMR   |c Rijaluddin Yahya & Mohd Sukki Othman 
260 |a Selangor :   |b Pearson Sdn. Bhd ,   |c 2008 
440 |a Longman esensi 
650 0 |a Islamic education 
650 0 |a Islam   |x Examinations   |x Study guides 
650 0 |a Islam   |x Textbooks 
650 0 |a Science   |x Education   |x Curricula 
999 |a 0001035478   |b Book   |c Teenagers   |e Perbadanan Perpustakaan Awam Johor 
999 |a 0001035479   |b Book   |c Teenagers   |e Perbadanan Perpustakaan Awam Johor 
999 |a 0001035480   |b Book   |c Teenagers   |e Perbadanan Perpustakaan Awam Johor 
999 |a 0001035481   |b Book   |c Teenagers   |e Cawangan Segamat